| 000 | 00500nam a2200157 a 4500 | ||
|---|---|---|---|
| 001 | 000042374 | ||
| 005 | 20201002040119.0 | ||
| 008 | 131127s1994 sp r 000 0 spa d | ||
| 020 | _a8408011448 | ||
| 040 |
_aDO-SdBNP _bspa _cBNPHU |
||
| 082 |
_axxxx _bxxxx |
||
| 245 | 0 | 0 |
_aAmsterdam : _bplano de la ciudad sumamente detallado guía con las informaciones turísticas ensenciales. |
| 260 |
_aBarcelona : _bPlaneta, _c1994. |
||
| 300 |
_a46 p. : _bil. + mapa ; _c26 cm. |
||
| 590 | _aInventariado, 2019/BT | ||
| 999 |
_c41863 _d41863 |
||